[Event "BRA-ch U26 (Women)"]
[Site "Goiania"]
[Date "2017.10.19"]
[Round "1"]
[White "Simoes, Teresa Luenysten Da"]
[Black "De Melo, Raissa Vieira"]
[Result "0-1"]
[WhiteElo "1697"]
[BlackElo "1587"]
[PlyCount "62"]
[EventDate "2017.10.19"]
[EventType "swiss"]
[EventRounds "7"]
[EventCountry "BRA"]
[SourceTitle "CBM 181 Extra"]
[Source "ChessBase"]
[SourceDate "2017.12.12"]
[SourceVersion "1"]
[SourceVersionDate "2017.12.12"]
[SourceQuality "1"]

1. g3 d5 2. Bg2 Nf6 3. Nf3 e6 4. d3 Be7 5. 0-0 0-0 6. c3 c5 7. Nbd2 b6 8. Re1 Bb7 9. Qc2 Nc6 10. e4 dxe4 11. Nxe4 Nd5 12. Bg5 Rc8 13. Bxe7 Ndxe7 14. d4 cxd4 15. cxd4 Nxd4 16. Nxd4 Rxc2 17. Nxc2 Nd5 18. Rad1 Qc7 19. Rd2 h6 20. Ne3 Nxe3 21. Rxe3 Bxe4 22. Bxe4 Qc1+ 23. Kg2 Qxd2 24. Rb3 Rd8 25. a3 f5 26. Bf3 Rd3 27. Rb4 e5 28. b3 e4 29. Bh5 e3 30. Rc4 Qxf2+ 31. Kh1 Qf1# 0-1

[Event "BRA-ch Regional Centro Oeste"]
[Site "Brasilia"]
[Date "2016.08.13"]
[Round "3.11"]
[White "Wolff, Carlos Alberto"]
[Black "De Melo, Raissa Vieira"]
[Result "1-0"]
[WhiteElo "1912"]
[BlackElo "1546"]
[PlyCount "46"]
[EventDate "2016.08.12"]
[EventType "swiss"]
[EventRounds "6"]
[EventCountry "BRA"]
[SourceTitle "EXT 2022"]
[Source "ChessBase"]
[SourceDate "2021.10.06"]
[SourceVersion "1"]
[SourceVersionDate "2021.10.06"]
[SourceQuality "1"]

1. e4 e5 2. Nf3 Nc6 3. Bc4 Bc5 4. c3 Nf6 5. d3 d6 6. b4 Bb6 7. Bg5 Be6 8. Nbd2 Qd7 9. Bxf6 gxf6 10. Qb3 f5 11. a4 Bxc4 12. dxc4 a5 13. 0-0 axb4 14. exf5 bxc3 15. Ne4 Qxf5 16. Qxb6 cxb6 17. Nxd6+ Kf8 18. Nxf5 Rg8 19. Rfe1 e4 20. N3d4 Nxd4 21. Nxd4 Rd8 22. Nc2 Rd7 23. Kf1 e3 1-0

[Event "Goiania Clube de Goias U2200 2nd"]
[Site "Goiania"]
[Date "2016.07.31"]
[Round "4.4"]
[White "De Melo, Raissa Vieira"]
[Black "Campos, Westerley Batista"]
[Result "1-0"]
[WhiteElo "1528"]
[BlackElo "1736"]
[PlyCount "51"]
[EventDate "2016.07.30"]
[EventType "swiss"]
[EventRounds "5"]
[EventCountry "BRA"]
[SourceTitle "EXT 2022"]
[Source "ChessBase"]
[SourceDate "2021.10.06"]
[SourceVersion "1"]
[SourceVersionDate "2021.10.06"]
[SourceQuality "1"]

1. d4 d5 2. c4 dxc4 3. Nf3 Nf6 4. e3 a6 5. a4 e6 6. Bxc4 c5 7. 0-0 Nc6 8. Qe2 cxd4 9. Rd1 Be7 10. exd4 0-0 11. Bg5 Nb4 12. Nc3 h6 13. Bh4 b6 14. Ne5 Nfd5 15. Bxe7 Nxe7 16. h4 Nf5 17. d5 Qxh4 18. dxe6 Nd4 19. Rxd4 Qxd4 20. e7 Re8 21. Bxf7+ Kh7 22. Bxe8 Bg4 23. Bg6+ Kh8 24. Qe4 Qxe4 25. Nxe4 Nd5 26. e8Q+ 1-0

[Event "Goiania CXG U2200 op"]
[Site "Goiania"]
[Date "2016.07.02"]
[Round "3"]
[White "De Melo, Raissa Vieira"]
[Black "Da Silva, Elizeu Maciel"]
[Result "0-1"]
[WhiteElo "1528"]
[BlackElo "1716"]
[PlyCount "170"]
[EventDate "2016.07.02"]
[EventType "swiss"]
[EventRounds "5"]
[EventCountry "BRA"]
[SourceTitle "CBM 173 Extra"]
[Source "ChessBase"]
[SourceDate "2016.08.29"]
[SourceVersion "1"]
[SourceVersionDate "2016.08.29"]
[SourceQuality "1"]

1. d4 d5 2. c4 c6 3. Nf3 e6 4. Nc3 Nf6 5. Bg5 Nbd7 6. cxd5 exd5 7. e3 Bd6 8. Qc2 0-0 9. Bd3 h6 10. Bh4 Qc7 11. 0-0 Re8 12. Rab1 a6 13. b4 Be7 14. a4 Qd8 15. b5 c5 16. dxc5 Nxc5 17. bxa6 bxa6 18. Be2 Be6 19. Nd4 Rc8 20. Rfc1 Nce4 21. Qb2 Rb8 22. Qa1 Rxb1 23. Qxb1 Nxc3 24. Rxc3 Ne4 25. Bxe7 Nxc3 26. Bxd8 Nxb1 27. Ba5 Rc8 28. g3 Bh3 29. Nb3 Nc3 30. Bxa6 Rb8 31. Nd2 Nxa4 32. Bf1 Be6 33. Kg2 Nb2 34. Nf3 Nc4 35. Bc3 Rb3 36. Bd4 Ra3 37. Ne5 Ra2 38. Nc6 Nd2 39. Nb4 Ra4 40. Nd3 Ne4 41. Be2 Ng5 42. Nf4 Rb4 43. Nxe6 Nxe6 44. Be5 d4 45. exd4 Nxd4 46. Bd3 Ne6 47. h4 Ra4 48. Bc2 Ra8 49. Be4 Ra5 50. Bd6 Nc5 51. Bf3 Nd3 52. Be4 Ra6 53. Bb8 Ne1+ 54. Kf1 Ra1 55. Bd6 Nf3+ 56. Kg2 Nd2 57. Bd3 Nb3 58. Be5 Ra8 59. Bc4 Nc5 60. Bd6 Ne6 61. Be5 g5 62. hxg5 hxg5 63. Bf6 Ra5 64. Bd3 Rd5 65. Bc4 Rf5 66. Bb2 Nc5 67. Bd4 Kh7 68. f3 Kg8 69. Ba2 Ne6 70. Bc3 Rc5 71. Bxe6 fxe6 72. Bd4 Rc4 73. Be5 Kf7 74. f4 g4 75. Kf2 Kg6 76. Ke3 Kf5 77. Bd6 Re4+ 78. Kf2 Rd4 79. Be5 Rd3 80. Bc7 Ke4 81. Bb6 Rb3 82. Bc5 Rb2+ 83. Ke1 Kf3 84. Bd6 Rg2 85. Kf1 Rxg3 0-1

[Event "Goiania-ch U20 Girls"]
[Site "Goiania"]
[Date "2015.10.11"]
[Round "5.3"]
[White "Sirahata Hasegava, Flavia"]
[Black "De Melo, Raissa Vieira"]
[Result "1/2-1/2"]
[WhiteElo "1574"]
[BlackElo "1531"]
[PlyCount "49"]
[EventDate "2015.10.09"]
[EventType "swiss"]
[EventRounds "7"]
[EventCountry "BRA"]
[SourceTitle "EXT 2022"]
[Source "ChessBase"]
[SourceDate "2021.10.06"]
[SourceVersion "1"]
[SourceVersionDate "2021.10.06"]
[SourceQuality "1"]

1. e4 e5 2. Nf3 Nc6 3. Bc4 Bc5 4. c3 Nf6 5. d4 exd4 6. cxd4 Bb4+ 7. Nc3 Nxe4 8. 0-0 Bxc3 9. bxc3 d5 10. Bd3 0-0 11. Qc2 Re8 12. Nd2 Nf6 13. Ba3 Bg4 14. f3 Bh5 15. Rae1 Bg6 16. Kf2 Bxd3 17. Qxd3 Qd7 18. Rxe8+ Rxe8 19. Re1 Rxe1 20. Kxe1 Qe6+ 21. Qe2 Qxe2+ 22. Kxe2 g6 23. Ke3 Kg7 24. g4 Nd7 25. Kf4 1/2-1/2

[Event "Brasilia FBX Nova Geracao U1800"]
[Site "Brasilia"]
[Date "2015.07.26"]
[Round "5.8"]
[White "Castro, Leonardo Nascimento"]
[Black "De Melo, Raissa Vieira"]
[Result "1/2-1/2"]
[WhiteElo "1646"]
[BlackElo "1503"]
[PlyCount "45"]
[EventDate "2015.07.25"]
[EventType "swiss"]
[EventRounds "5"]
[EventCountry "BRA"]
[SourceTitle "EXT 2022"]
[Source "ChessBase"]
[SourceDate "2021.10.06"]
[SourceVersion "1"]
[SourceVersionDate "2021.10.06"]
[SourceQuality "1"]

1. d4 d5 2. c4 dxc4 3. e3 Nf6 4. Bxc4 e6 5. Nf3 c5 6. 0-0 Nc6 7. Bb5 Bd7 8. dxc5 Bxc5 9. Qc2 Qb6 10. Nc3 Be7 11. a3 0-0 12. Bd3 a6 13. b4 Rac8 14. Bb2 Na7 15. Rad1 Bb5 16. Nd4 Bxd3 17. Rxd3 Nd5 18. Nxd5 Rxc2 19. Nxb6 Rxb2 20. Nc4 Ra2 21. Rfd1 Rc8 22. Nb6 Rc7 23. Na8 1/2-1/2

[Event "BRA-ch U26 (Women)"]
[Site "Brasilia"]
[Date "2015.06.10"]
[Round "2"]
[White "De Melo, Raissa Vieira"]
[Black "Dos Anjos, Aline Rafaela Silva"]
[Result "1-0"]
[WhiteElo "1495"]
[BlackElo "1611"]
[PlyCount "61"]
[EventDate "2015.06.10"]
[EventType "swiss"]
[EventRounds "7"]
[EventCountry "BRA"]
[SourceTitle "CBM 167 Extra"]
[Source "ChessBase"]
[SourceDate "2015.09.14"]
[SourceVersion "1"]
[SourceVersionDate "2015.09.14"]
[SourceQuality "1"]

1. d4 d5 2. c4 c6 3. Nf3 Nf6 4. Nc3 Bg4 5. cxd5 Bxf3 6. exf3 cxd5 7. Bb5+ Nc6 8. 0-0 e6 9. f4 a6 10. Ba4 b5 11. Bc2 Bd6 12. f5 e5 13. Re1 e4 14. Bg5 h6 15. Bxf6 Qxf6 16. Nxd5 Bxh2+ 17. Kxh2 Qh4+ 18. Kg1 0-0 19. Rxe4 Qd8 20. f6 Qxd5 21. Rg4 g6 22. Qd3 Qh5 23. Qg3 Rfd8 24. Rh4 Qg5 25. Qxg5 hxg5 26. Rh3 Nxd4 27. Kh2 Nxc2 28. Rh1 Rd6 29. Kg3 Rxf6 30. Rh8+ Kg7 31. R1h7# 1-0

[Event "Brasilia Centro Oeste-ch"]
[Site "Brasilia"]
[Date "2015.05.15"]
[Round "4"]
[White "De Oliveira, Francemir Barra"]
[Black "De Melo, Raissa Vieira"]
[Result "1/2-1/2"]
[WhiteElo "1731"]
[BlackElo "1484"]
[PlyCount "39"]
[EventDate "2015.05.15"]
[EventType "swiss"]
[EventRounds "6"]
[EventCountry "BRA"]
[SourceTitle "CBM 166 Extra"]
[Source "ChessBase"]
[SourceDate "2015.06.18"]
[SourceVersion "1"]
[SourceVersionDate "2015.06.18"]
[SourceQuality "1"]

1. e4 e5 2. d4 exd4 3. c3 dxc3 4. Bc4 cxb2 5. Bxb2 d5 6. exd5 Bb4+ 7. Nd2 Nf6 8. Qa4+ Nc6 9. 0-0-0 Nxd5 10. Bxg7 Rg8 11. Bb2 Nb6 12. Qc2 Nxc4 13. Nxc4 Qg5+ 14. Ne3 Qc5 15. Nf3 Qxc2+ 16. Kxc2 Be6 17. a3 Be7 18. Rd2 Rd8 19. Rhd1 Rxd2+ 20. Rxd2 1/2-1/2

[Event "Brasilia Centro Oeste-ch"]
[Site "Brasilia"]
[Date "2015.05.15"]
[Round "3"]
[White "Maciel, Diogo Alves"]
[Black "De Melo, Raissa Vieira"]
[Result "1-0"]
[WhiteElo "1799"]
[BlackElo "1484"]
[PlyCount "95"]
[EventDate "2015.05.15"]
[EventType "swiss"]
[EventRounds "6"]
[EventCountry "BRA"]
[SourceTitle "CBM 166 Extra"]
[Source "ChessBase"]
[SourceDate "2015.06.18"]
[SourceVersion "1"]
[SourceVersionDate "2015.06.18"]
[SourceQuality "1"]

1. Nf3 d5 2. b3 Nf6 3. Bb2 e6 4. g3 Be7 5. Bg2 c5 6. 0-0 0-0 7. e3 Nbd7 8. d3 b6 9. c4 Bb7 10. Nc3 Qc7 11. cxd5 exd5 12. d4 Ne4 13. Rc1 Ndf6 14. Ne5 Rac8 15. Qe2 Qb8 16. Rfd1 Rfd8 17. dxc5 Bxc5 18. Ng4 Nxg4 19. Nxe4 dxe4 20. Qxg4 Bf8 21. Bxe4 Bxe4 22. Qxe4 Rxc1 23. Rxc1 Rd2 24. Rc2 Qd6 25. Rxd2 Qxd2 26. Qd4 Qe1+ 27. Kg2 h6 28. Bc3 Qe2 29. Qd8 Qb5 30. Qd4 a5 31. Qc4 Qxc4 32. bxc4 Bc5 33. Bd4 f6 34. Kf3 Kf7 35. Bxc5 bxc5 36. Ke4 Ke6 37. Kd3 g5 38. Kc3 Ke5 39. Kb3 Ke4 40. Ka4 Kd3 41. Kb5 a4 42. Kxc5 Kc3 43. Kd5 Kb2 44. c5 Kxa2 45. c6 a3 46. c7 Kb2 47. c8Q a2 48. Qa6 1-0

[Event "Pan American-ch U18 Girls 24th"]
[Site "Pocos de Caldas"]
[Date "2013.07.30"]
[Round "7"]
[White "De Melo, Raissa Vieira"]
[Black "Camacho, Maria Laura"]
[Result "0-1"]
[WhiteElo "1451"]
[BlackElo "1806"]
[PlyCount "58"]
[EventDate "2013.07.26"]
[EventType "swiss"]
[EventRounds "9"]
[EventCountry "BRA"]
[SourceTitle "EXT 2018"]
[Source "ChessBase"]
[SourceDate "2017.10.13"]
[SourceVersion "1"]
[SourceVersionDate "2017.10.13"]
[SourceQuality "1"]

1. d4 g6 2. c4 Nf6 3. Nc3 d5 4. cxd5 Nxd5 5. e4 Nxc3 6. bxc3 Bg7 7. Nf3 0-0 8. Rb1 c5 9. Be2 Qa5 10. Rb5 Qxc3+ 11. Bd2 Qa3 12. Rxc5 Qxa2 13. 0-0 Qe6 14. e5 Nd7 15. Rc2 Nb6 16. Bg5 h6 17. Bh4 Qd7 18. Re1 e6 19. Qb1 g5 20. Bb5 Qd8 21. Bg3 Bd7 22. Rd1 Nd5 23. Nd2 a6 24. Bxd7 Qxd7 25. Ne4 Rac8 26. Nc5 Qe7 27. Rdc1 b6 28. Nxa6 Rxc2 29. Qxc2 Ra8 0-1

[Event "Pan American-ch U18 Girls 24th"]
[Site "Pocos de Caldas"]
[Date "2013.07.29"]
[Round "6"]
[White "De Melo, Raissa Vieira"]
[Black "Montilla Reyes, Jorcerys"]
[Result "0-1"]
[WhiteElo "1451"]
[BlackElo "2092"]
[PlyCount "48"]
[EventDate "2013.07.26"]
[EventType "swiss"]
[EventRounds "9"]
[EventCountry "BRA"]
[SourceTitle "EXT 2018"]
[Source "ChessBase"]
[SourceDate "2017.10.13"]
[SourceVersion "1"]
[SourceVersionDate "2017.10.13"]
[SourceQuality "1"]

1. d4 d5 2. c4 c6 3. Nf3 Nf6 4. Nc3 e6 5. Bg5 dxc4 6. e4 Be7 7. Bxc4 h6 8. Bh4 0-0 9. e5 Nd5 10. Bxe7 Qxe7 11. Nxd5 exd5 12. Bd3 Bg4 13. a3 f6 14. Qe2 Nd7 15. exf6 Qxf6 16. 0-0 Rae8 17. Qd1 Bxf3 18. gxf3 Qxf3 19. Qxf3 Rxf3 20. Bc2 Rf4 21. Rfe1 Rxe1+ 22. Rxe1 Kf7 23. Rd1 Nf8 24. b4 Ne6 0-1

[Event "Goiania-ch U20 (Women)"]
[Site "Goiania"]
[Date "2013.05.18"]
[Round "1"]
[White "Linhares, Fabiane Ferreira"]
[Black "De Melo, Raissa Vieira"]
[Result "0-1"]
[WhiteElo "1766"]
[BlackElo "1837"]
[PlyCount "82"]
[EventDate "2013.05.18"]
[EventType "tourn"]
[EventRounds "5"]
[EventCountry "BRA"]
[SourceTitle "EXT 2015"]
[Source "ChessBase"]
[SourceDate "2014.11.20"]
[SourceVersion "1"]
[SourceVersionDate "2014.11.20"]
[SourceQuality "1"]

1. e4 e5 2. Nf3 Nc6 3. Bb5 a6 4. Ba4 Nf6 5. d3 b5 6. Bb3 Be7 7. 0-0 0-0 8. Bg5 d6 9. Nbd2 Na5 10. Re1 Nxb3 11. Nxb3 c5 12. c3 h6 13. Bh4 Bb7 14. Nbd2 Nh5 15. Bxe7 Qxe7 16. b4 cxb4 17. c4 bxc4 18. d4 c3 19. Nb3 Nf6 20. d5 Qc7 21. a4 a5 22. h3 Qc4 23. Nxa5 Rxa5 24. Nh4 b3 25. Nf5 Rd8 26. g4 Rxa4 27. Ne7+ Kf8 28. Rxa4 Qxa4 29. Qd3 Kxe7 30. h4 Qd4 31. Re3 Qxd3 32. Rxd3 Rc8 33. g5 hxg5 34. hxg5 Nh5 35. Rh3 g6 36. f4 c2 37. Rxb3 c1Q+ 38. Kh2 Rc2+ 39. Kh3 Qh1+ 40. Kg4 Rg2+ 41. Kf3 Qh3# 0-1

[Event "Anapolis Interior-ch"]
[Site "Anapolis"]
[Date "2012.08.05"]
[Round "5"]
[White "Campos, Otavio Moraes"]
[Black "De Melo, Raissa Vieira"]
[Result "1/2-1/2"]
[WhiteElo "1812"]
[BlackElo "1444"]
[PlyCount "91"]
[EventDate "2012.08.03"]
[EventType "swiss"]
[EventRounds "6"]
[EventCountry "BRA"]
[SourceTitle "EXT 2014"]
[Source "ChessBase"]
[SourceDate "2013.11.20"]
[SourceVersion "1"]
[SourceVersionDate "2013.11.20"]
[SourceQuality "1"]

1. d4 d5 2. Nf3 Nf6 3. c4 dxc4 4. e3 e6 5. Bxc4 c5 6. 0-0 a6 7. dxc5 Qxd1 8. Rxd1 Bxc5 9. Nc3 b5 10. Bf1 Ra7 11. g3 Rd7 12. Rxd7 Nbxd7 13. b3 Bb7 14. Bg2 Nd5 15. Ne4 Be7 16. Ned2 Bf6 17. Nd4 Bxd4 18. exd4 N7f6 19. Bb2 Ke7 20. Ba3+ b4 21. Bxb4+ Nxb4 22. Bxb7 Rb8 23. Bg2 Rd8 24. Nf3 Nc2 25. Rd1 Nd5 26. Rd2 Rc8 27. Ne5 Rc3 28. Bf1 a5 29. Bc4 Ne1 30. Kf1 Nf3 31. Nxf3 Rxf3 32. Ke2 Rc3 33. f4 h5 34. a3 Nb6 35. Rd3 Rc2+ 36. Rd2 Rc3 37. Rd3 Rc2+ 38. Kf3 Nxc4 39. bxc4 Rxc4 40. Ke4 a4 41. h3 f5+ 42. Ke5 Rc2 43. d5 Rc5 44. Rd4 g6 45. Rd3 Rb5 46. Rd4 1/2-1/2

[Event "Anapolis Interior-ch"]
[Site "Anapolis"]
[Date "2012.08.03"]
[Round "1"]
[White "De Melo, Raissa Vieira"]
[Black "Froes, Leonardo Sanches"]
[Result "0-1"]
[WhiteElo "1444"]
[BlackElo "1937"]
[PlyCount "52"]
[EventDate "2012.08.03"]
[EventType "swiss"]
[EventRounds "6"]
[EventCountry "BRA"]
[SourceTitle "EXT 2014"]
[Source "ChessBase"]
[SourceDate "2013.11.20"]
[SourceVersion "1"]
[SourceVersionDate "2013.11.20"]
[SourceQuality "1"]

1. d4 Nf6 2. c4 e6 3. Nc3 Bb4 4. e3 0-0 5. Nge2 d5 6. a3 Be7 7. Nf4 c6 8. cxd5 exd5 9. Bd3 Bd6 10. Nfe2 Re8 11. f3 Qc7 12. e4 dxe4 13. Nxe4 Nxe4 14. fxe4 f6 15. g3 Bg4 16. 0-0 Nd7 17. Bf4 Kh8 18. Qd2 Rad8 19. Nc3 Nf8 20. Bc2 Ne6 21. Bxd6 Qxd6 22. d5 Ng5 23. Qd3 Re5 24. Bb3 Rde8 25. Rae1 f5 26. Bc2 cxd5 0-1

[Event "BRA-ch U16 Girls"]
[Site "Sao Paulo"]
[Date "2012.05.01"]
[Round "7"]
[White "Angeli Galvani, Maria Eduarda"]
[Black "De Melo, Raissa Vieira"]
[Result "1/2-1/2"]
[WhiteElo "1786"]
[BlackElo "1444"]
[PlyCount "59"]
[EventDate "2012.04.28"]
[EventType "swiss"]
[EventRounds "7"]
[EventCountry "BRA"]
[SourceTitle "CBM 148 Extra"]
[Source "ChessBase"]
[SourceDate "2012.06.22"]
[SourceVersion "1"]
[SourceVersionDate "2012.06.22"]
[SourceQuality "1"]

1. d4 d5 2. e3 Nf6 3. Nf3 e6 4. Bd3 c5 5. c3 Nc6 6. 0-0 Bd6 7. Nbd2 0-0 8. Qe2 Qc7 9. h3 b6 10. e4 dxe4 11. Nxe4 Nxe4 12. Bxe4 Bb7 13. Qc2 h6 14. Re1 Ne7 15. Bxb7 Qxb7 16. Qe4 Qxe4 17. Rxe4 Nd5 18. Ne5 cxd4 19. cxd4 Rac8 20. Bd2 Rc2 21. Bc1 Rfc8 22. Re1 Bxe5 23. dxe5 Nb4 24. Rd1 Nxa2 25. Bxh6 Rxb2 26. Be3 Rc7 27. Rd2 Rxd2 28. Bxd2 Nc3 29. Bxc3 Rxc3 30. Rxa7 1/2-1/2

[Event "BRA-ch U16 Girls"]
[Site "Sao Paulo"]
[Date "2012.04.30"]
[Round "5"]
[White "Monnerat, Clarice Simoes"]
[Black "De Melo, Raissa Vieira"]
[Result "1-0"]
[WhiteElo "1810"]
[BlackElo "1444"]
[PlyCount "45"]
[EventDate "2012.04.28"]
[EventType "swiss"]
[EventRounds "7"]
[EventCountry "BRA"]
[SourceTitle "CBM 148 Extra"]
[Source "ChessBase"]
[SourceDate "2012.06.22"]
[SourceVersion "1"]
[SourceVersionDate "2012.06.22"]
[SourceQuality "1"]

1. e4 e5 2. Nf3 Nc6 3. d4 exd4 4. Nxd4 Nf6 5. Nc3 Bb4 6. Bg5 Bxc3+ 7. bxc3 Qe7 8. Bd3 0-0 9. 0-0 d6 10. f4 h6 11. Bh4 Nxd4 12. cxd4 d5 13. e5 Qe6 14. exf6 Qe3+ 15. Bf2 Qxf4 16. fxg7 Kxg7 17. Qc1 Qg4 18. Be3 Qh4 19. Qd2 Rh8 20. Qf2 Be6 21. Qf6+ Kg8 22. Rf3 Bg4 23. Rg3 1-0

[Event "BRA-ch U16 Girls"]
[Site "Sao Paulo"]
[Date "2012.04.29"]
[Round "3"]
[White "Vasconcelos, Melissa Nubia Fatim"]
[Black "De Melo, Raissa Vieira"]
[Result "1-0"]
[WhiteElo "1798"]
[BlackElo "1444"]
[PlyCount "81"]
[EventDate "2012.04.28"]
[EventType "swiss"]
[EventRounds "7"]
[EventCountry "BRA"]
[SourceTitle "CBM 148 Extra"]
[Source "ChessBase"]
[SourceDate "2012.06.22"]
[SourceVersion "1"]
[SourceVersionDate "2012.06.22"]
[SourceQuality "1"]

1. d4 d5 2. Nf3 Nf6 3. e3 e6 4. Bd3 c5 5. b3 Nc6 6. 0-0 Bd6 7. Bb2 0-0 8. c4 cxd4 9. exd4 b6 10. a3 Qc7 11. Nbd2 e5 12. dxe5 Nxe5 13. Nxe5 Bxe5 14. Bxe5 Qxe5 15. Nf3 Qh5 16. h3 Bb7 17. Nd4 Qxd1 18. Raxd1 dxc4 19. Bxc4 Rad8 20. Nf5 Ne4 21. Ne7+ Kh8 22. Bxf7 Rd6 23. Rxd6 Nxd6 24. Bd5 Bxd5 25. Nxd5 Ne4 26. b4 Rd8 27. Re1 Rxd5 28. Rxe4 Rd8 29. Re7 Ra8 30. Kf1 Kg8 31. Ke2 Kf8 32. Rd7 Re8+ 33. Kd3 Re7 34. Rxe7 Kxe7 35. Ke4 Kd6 36. f4 a5 37. g4 axb4 38. axb4 h6 39. h4 Kc6 40. Ke5 Kd7 41. Kd5 1-0